| 000 | 00576nam a2200253Ia 4500 | ||
|---|---|---|---|
| 003 | IT-RoPAU | ||
| 008 | 120407s9999 xx 000 0 und d | ||
| 040 | _aIT-RoPAU | ||
| 040 | _cIT-RoPAU | ||
| 041 | _aita | ||
| 100 | _aRenato Giorda | ||
| 100 | _ccoll. | ||
| 245 | _a"Il training autogeno. Teoria e pratica. (Spirito e corporeità : la via meditativa)." | ||
| 250 | _aRoma | ||
| 260 | _aCittà Nuova | ||
| 260 | _c1978 | ||
| 300 | _a197 p. | ||
| 300 | _c20 cm | ||
| 490 | _v1 | ||
| 700 | _aTullio Bazzi | ||
| 700 | _ccoll. | ||
| 942 | _cBK | ||
| 999 |
_c28195 _d28195 |
||